000 00465nam a2200181Ia 4500
001 10035
003 GE_BSU
008 181216s||||||||xx |||||||||||||| ||und||
040 _cGE_BSU
245 _aВопросы языкознания. №2 2014
245 _cРед.Т.М.Николаева
260 _aМосква
260 _bНаука
260 _c2014
300 _a160стр.24см.
653 _aВопросы языкознания
942 _cCR
999 _c43308
_d43308